|
|
|
|
| LEADER |
00000nab a2200000 a 4500 |
| 001 |
vtls000711353 |
| 003 |
SK-MaSNL |
| 005 |
20260304002959.0 |
| 008 |
140617c xo 0 slo |
| 015 |
|
|
|a SNBRB2000/01-03164
|
| 035 |
|
|
|a CLN000063520
|
| 040 |
|
|
|a SNKBUCL
|b slo
|c SNKBUCL
|e AACR2
|
| 041 |
0 |
|
|a slo
|
| 044 |
|
|
|a xo
|c SK
|
| 080 |
|
|
|a 82(091):840 (493)"18/19"
|2 1997
|
| 080 |
|
|
|a 840 (493)(091)"18/19"
|2 1997
|
| 100 |
1 |
|
|a Boor, Ján,
|d 1915-2002
|4 aut
|9 88134
|
| 245 |
1 |
0 |
|a Zabúdaný Maeterlinck?
|b (malá pripomienka k veľkému hľadačovi Boha)
|c Ján Boor
|
| 600 |
1 |
7 |
|a Maeterlinck, Maurice,
|d 1862-1949
|2 snkbucl
|9 48632
|
| 655 |
|
7 |
|a profily
|2 snkbucl
|9 341977
|
| 773 |
0 |
|
|t Tvorba T
|g Roč. 9 (18), č. 3 (1999), s. 49-51
|
| 850 |
|
|
|a Slovenská národná knižnica v Martine
|
| 852 |
|
|
|a SNK
|b KIS3GCP
|
| 958 |
|
|
|a BE
|
| 958 |
|
|
|a BC
|
| 958 |
|
|
|a LX
|
| 999 |
|
|
|c 2544769
|d 2546699
|